000 00516nam a2200253Ia 4500
001 071798
003 YMCAF
005 20230512160739.0
008 100717s1995 ||||||||||||||||| ||und|d
020 _a-
024 _a71798
035 _a11261
040 _aYMCAF
_beng
_cIN-KoLT
041 _aeng
082 _a005.453
_bSIN
100 _aSINGH, KIRT
245 0 _aPRACTICAL COMPILER COUSTRUTION
250 _a-
260 _b-
_c1995
300 _a329
653 _a-
653 _a-
942 _2ddc
_cBK
999 _c6222
_d6222